5 Villes du Japon en Kanji - Statistiques

Statistiques générales
  • Ce quiz a été pris 33 fois
  • Le résultat moyen est 3 sur 5
Statistiques - réponses
Japonais Francais % Correct
東京 Tōkyō
100%
大阪 Ōsaka
77%
名古屋 Nagoya
48%
奈良 Nara
29%
横浜 Yokohama
26%
Aucun quiz correspondant
Distribution des résultats
% des personnes avec chaque résultat
Percentile par nombre de réponses
Votre historique - résultats
Vous n’avez pas pris ce quiz